<?xml version="1.0" encoding="UTF-8"?>
<collection xmlns="http://www.loc.gov/MARC21/slim">
<record>
  <controlfield tag="001">165049</controlfield>
  <controlfield tag="005">20251204150239.0</controlfield>
  <datafield tag="024" ind1="7" ind2=" ">
    <subfield code="2">doi</subfield>
    <subfield code="a">10.1016/j.compstruct.2025.119836</subfield>
  </datafield>
  <datafield tag="024" ind1="8" ind2=" ">
    <subfield code="2">sideral</subfield>
    <subfield code="a">146489</subfield>
  </datafield>
  <datafield tag="037" ind1=" " ind2=" ">
    <subfield code="a">ART-2025-146489</subfield>
  </datafield>
  <datafield tag="041" ind1=" " ind2=" ">
    <subfield code="a">eng</subfield>
  </datafield>
  <datafield tag="100" ind1=" " ind2=" ">
    <subfield code="a">Miravete, Antonio</subfield>
  </datafield>
  <datafield tag="245" ind1=" " ind2=" ">
    <subfield code="a">Tailored antisymmetric composite laminates: achieving ultra-thin design, lightweight performance, and mitigated coupling effects</subfield>
  </datafield>
  <datafield tag="260" ind1=" " ind2=" ">
    <subfield code="c">2025</subfield>
  </datafield>
  <datafield tag="520" ind1="3" ind2=" ">
    <subfield code="a">The aerospace industry is being driven toward ever-thinner, lighter composite structures, yet traditional balanced-symmetric “Quad” laminates are only able to meet stiffness and damage-tolerance targets by stacking large sublaminates of unidirectional plies—an approach that results in increased thickness, mass, and cost. An alternative architecture—Tailored Antisymmetric Composite (TAC) laminates—is introduced, comprising repeated antisymmetric sublaminates whose fiber orientations are optimized to minimize extension–bending coupling while satisfying stiffness and strength requirements. The feasible design space of TAC sublaminates is comprehensively mapped using lamination parameter plots; despite their minimal ply counts, TAC configurations span nearly the entire lamination-parameter domain—a coverage unattainable by Quad laminates. A genetic-algorithm (GA) framework for replacing Quad laminates with TAC designs is then detailed, and hard, soft, and neutral tapering schemes are compared using classical laminated-plate theory. Strategic tapering of ultra-thin TAC sublaminates is shown to yield 16–25 % weight savings relative to Quad laminates. The results of an experimental validation campaign are presented to quantify post-cure warpage in TAC and Quad plates and to evaluate extension–bending coupling behavior. TAC laminates are shown to sustain warpage levels comparable to those of Quad controls while exhibiting reduced coupling in ultra-thin sections. Moreover, an analytical investigation of bending–twisting coupling is provided. Overall, TAC laminates are presented as a weight-efficient route to next-generation ultra-thin composites, and the methodology laid herein establishes a foundation for future studies. The limitations of the present approach are discussed, and key next steps are outlined.</subfield>
  </datafield>
  <datafield tag="506" ind1="0" ind2=" ">
    <subfield code="a">Access copy available to the general public</subfield>
    <subfield code="f">Unrestricted</subfield>
  </datafield>
  <datafield tag="536" ind1=" " ind2=" ">
    <subfield code="9">info:eu-repo/grantAgreement/ES/AEI/PID2020-119015GB-C22</subfield>
    <subfield code="9">info:eu-repo/grantAgreement/ES/MICINN PID2020-119003GB-I00</subfield>
  </datafield>
  <datafield tag="540" ind1=" " ind2=" ">
    <subfield code="9">info:eu-repo/semantics/embargoedAccess</subfield>
    <subfield code="a">All rights reserved</subfield>
    <subfield code="u">http://www.europeana.eu/rights/rr-f/</subfield>
  </datafield>
  <datafield tag="655" ind1=" " ind2="4">
    <subfield code="a">info:eu-repo/semantics/article</subfield>
    <subfield code="v">info:eu-repo/semantics/acceptedVersion</subfield>
  </datafield>
  <datafield tag="700" ind1=" " ind2=" ">
    <subfield code="a">Cuartero, Jesús</subfield>
    <subfield code="u">Universidad de Zaragoza</subfield>
    <subfield code="0">(orcid)0000-0002-6100-7412</subfield>
  </datafield>
  <datafield tag="700" ind1=" " ind2=" ">
    <subfield code="a">Guzmán de Villoria, Roberto</subfield>
  </datafield>
  <datafield tag="700" ind1=" " ind2=" ">
    <subfield code="a">Mejía-Ariza, Juan M.</subfield>
  </datafield>
  <datafield tag="710" ind1="2" ind2=" ">
    <subfield code="1">5004</subfield>
    <subfield code="2">530</subfield>
    <subfield code="a">Universidad de Zaragoza</subfield>
    <subfield code="b">Dpto. Ingeniería Mecánica</subfield>
    <subfield code="c">Área Ingen.e Infraestr.Transp.</subfield>
  </datafield>
  <datafield tag="773" ind1=" " ind2=" ">
    <subfield code="g">376 (2025), 119836 [19 pp.]</subfield>
    <subfield code="p">Compos. struct.</subfield>
    <subfield code="t">Composite Structures</subfield>
    <subfield code="x">0263-8223</subfield>
  </datafield>
  <datafield tag="856" ind1="4" ind2=" ">
    <subfield code="s">3380012</subfield>
    <subfield code="u">http://zaguan.unizar.es/record/165049/files/texto_completo.pdf</subfield>
    <subfield code="y">Postprint</subfield>
    <subfield code="z">info:eu-repo/date/embargoEnd/2027-11-09</subfield>
  </datafield>
  <datafield tag="856" ind1="4" ind2=" ">
    <subfield code="s">1629414</subfield>
    <subfield code="u">http://zaguan.unizar.es/record/165049/files/texto_completo.jpg?subformat=icon</subfield>
    <subfield code="x">icon</subfield>
    <subfield code="y">Postprint</subfield>
    <subfield code="z">info:eu-repo/date/embargoEnd/2027-11-09</subfield>
  </datafield>
  <datafield tag="909" ind1="C" ind2="O">
    <subfield code="o">oai:zaguan.unizar.es:165049</subfield>
    <subfield code="p">articulos</subfield>
    <subfield code="p">driver</subfield>
  </datafield>
  <datafield tag="951" ind1=" " ind2=" ">
    <subfield code="a">2025-12-04-14:40:01</subfield>
  </datafield>
  <datafield tag="980" ind1=" " ind2=" ">
    <subfield code="a">ARTICLE</subfield>
  </datafield>
</record>
</collection>